Challenge of the Superfriends Quiz Stats

 Plays Quiz Updated May 23, 2019

Score 0/24 Timer 05:00
2 Plays Today
Group Affiliation Character % Correct
The Justice League of AmericaSuperman
98.9%
The Justice League of AmericaBatman
97.4%
The Justice League of AmericaWonder Woman
93.3%
The Justice League of AmericaGreen Lantern
80.6%
The Justice League of AmericaAquaman
77.6%
The Justice League of AmericaThe Flash
73.8%
The Justice League of AmericaRobin
65.6%
The Legion of DoomLex Luthor
60%
The Justice League of AmericaHawkman
37.3%
The Legion of DoomRiddler
31.1%
The Legion of DoomSolomon Grundy
30.3%
The Legion of DoomBizarro
25.4%
Group Affiliation Character % Correct
The Legion of DoomCheetah
24.7%
The Legion of DoomBlack Manta
24.5%
The Justice League of AmericaApache Chief
23.9%
The Legion of DoomSinestro
22.7%
The Legion of DoomBrainiac
20.8%
The Legion of DoomScarecrow
20.4%
The Legion of DoomGorilla Grodd
18.6%
The Legion of DoomCaptain Cold
16.3%
The Legion of DoomToyman
15.2%
The Legion of DoomGiganta
14.9%
The Justice League of AmericaBlack Vulcan
13.9%
The Justice League of AmericaSamurai
12.9%

You're not logged in!

Compare scores with friends on all Sporcle quizzes.
OR
Log In

Sporcle TV

Today on Sporcle TV


Watch our educational content, quiz creation guides, and fun videos on Sporcle TV.

Show Comments

Extras

Top Quizzes Today


Score Distribution

Your Account Isn't Verified!

In order to create a playlist on Sporcle, you need to verify the email address you used during registration. Go to your Sporcle Settings to finish the process.

Report this User

Report this user for behavior that violates our Community Guidelines.

Details: